[Event "Zagreb Open 2011 Grupo B"]
[Site "Zagreb CRO"]
[Date "2011.04.16"]
[Round "7.6"]
[White "Ostovic, Matija"]
[Black "Naglic, Marko"]
[Result "1/2-1/2"]
[WhiteElo "2232"]
[BlackElo "2167"]
[PlyCount "117"]
[EventDate "2011.04.11"]
[EventType "swiss"]
[EventRounds "9"]
[EventCountry "CRO"]
[Source "lmi"]
[SourceDate "2011.04.11"]

1. Nf3 d5 2. d4 c5 3. c4 e6 4. cxd5 exd5 5. Nc3 Nf6 6. Bg5 Be6 7. e3 Nc6 8. Be2
h6 9. Bh4 c4 10. O-O Be7 11. b3 Qa5 12. Qc2 g5 13. Bg3 Bb4 14. Rfc1 Bxc3 15.
Qxc3 Qxc3 16. Rxc3 Ne4 17. Rcc1 b5 18. bxc4 dxc4 19. Rab1 a6 20. Ne1 Ke7 21.
Bf3 Bf5 22. Nc2 Nxg3 23. hxg3 Bxc2 24. Rxc2 Kd6 25. Rd2 f5 26. Rc1 Rab8 27. g4
fxg4 28. Bxg4 Nb4 29. e4 Nd3 30. Rc3 Rhe8 31. Bf3 Rbd8 32. Ra3 Kc7 33. Rxa6
Rxd4 34. Rxh6 c3 35. Rc2 b4 36. Kf1 g4 37. Be2 Rdxe4 38. Rh7+ Kb6 39. Rh6+ Kc5
40. Rh5+ Kc6 41. Rh6+ Kc5 42. Rh5+ Kd4 43. Rh7 Nf4 44. Rd7+ Kc5 45. Rdd2 Kb6
46. f3 gxf3 47. gxf3 Re3 48. Rd6+ Kc7 49. Rdd2 Kb8 50. Rd4 Nxe2 51. Rxb4+ Kc7
52. Kf2 Kd6 53. Re4 R3xe4 54. fxe4 Rxe4 55. Rxe2 Rh4 56. Ke3 Kc5 57. Kd3 Rh3+
58. Kc2 Kb4 59. Re4+ 1/2-1/2

[Event "Zagreb Open 2011 Grupo B"]
[Site "Zagreb CRO"]
[Date "2011.04.16"]
[Round "7.7"]
[White "Petrusic, Toni"]
[Black "Zecevic, Dean"]
[Result "1-0"]
[WhiteElo "2164"]
[BlackElo "2215"]
[PlyCount "81"]
[EventDate "2011.04.11"]
[EventType "swiss"]
[EventRounds "9"]
[EventCountry "CRO"]
[Source "lmi"]
[SourceDate "2011.04.11"]

1. e4 e5 2. Nf3 Nc6 3. Bc4 Nf6 4. d4 exd4 5. e5 d5 6. Bb5 Ne4 7. Nxd4 Bc5 8.
O-O Bd7 9. Bxc6 bxc6 10. Be3 Bb6 11. f3 Nc5 12. f4 O-O 13. Nd2 f6 14. N4f3 fxe5
15. Nxe5 Qe7 16. Ndf3 Ne6 17. Bxb6 axb6 18. g3 Qd6 19. Nxd7 Qxd7 20. a3 Qd6 21.
Qd2 Nc5 22. Rad1 Ra4 23. Kg2 h6 24. Ne5 g5 25. b4 Ne4 26. Qd4 gxf4 27. Rxf4
Rxf4 28. gxf4 Rxa3 29. Rg1 Kh7 30. Kh1 Qf6 31. Qb2 Rc3 32. Qc1 Qf5 33. Nd3 Qh3
34. Qd1 Rxd3 35. Qxd3 Qxd3 36. cxd3 Nf2+ 37. Kg2 Nxd3 38. Kf3 Nxb4 39. f5 d4
40. f6 Nd5 41. f7 1-0

[Event "Zagreb Open 2011 Grupo B"]
[Site "Zagreb CRO"]
[Date "2011.04.16"]
[Round "7.10"]
[White "Gorupec, Mladen"]
[Black "Ivanov, Borislav"]
[Result "0-1"]
[WhiteElo "2025"]
[BlackElo "2202"]
[PlyCount "92"]
[EventDate "2011.04.11"]
[EventType "swiss"]
[EventRounds "9"]
[EventCountry "CRO"]
[Source "lmi"]
[SourceDate "2011.04.11"]

1. e4 c6 2. d4 d5 3. Nc3 dxe4 4. Nxe4 Bf5 5. Ng3 Bg6 6. Nf3 Nd7 7. h4 h6 8. Bd3
Bxd3 9. Qxd3 Qc7 10. Bd2 e6 11. O-O-O Ngf6 12. Kb1 Bd6 13. Ne4 Nxe4 14. Qxe4
Nf6 15. Qe2 O-O-O 16. c4 c5 17. Bc3 cxd4 18. Nxd4 a6 19. Nb3 Qc6 20. f3 Bc7 21.
Be5 Rxd1+ 22. Rxd1 Rd8 23. Bxf6 gxf6 24. Rxd8+ Bxd8 25. h5 f5 26. Qd3 Bf6 27.
c5 Qc7 28. Qe2 Kb8 29. a3 Qc6 30. Qd3 Kc8 31. Qe3 Bg7 32. Qd3 Qc7 33. Qe2 Qd7
34. Kc2 Qd5 35. Nd2 Qxc5+ 36. Kb1 Qd4 37. Nb3 Qd5 38. Nc1 Kb8 39. f4 Qe4+ 40.
Qxe4 fxe4 41. Kc2 f5 42. Ne2 Kc7 43. b3 Kc6 44. Kd2 Bb2 45. a4 Kc5 46. Kc2 Bf6
0-1

[Event "Zagreb Open 2011 Grupo B"]
[Site "Zagreb CRO"]
[Date "2011.04.16"]
[Round "7.11"]
[White "Ivekovic, Bozidar"]
[Black "Muskardin, Mario"]
[Result "1/2-1/2"]
[WhiteElo "2106"]
[BlackElo "2192"]
[PlyCount "120"]
[EventDate "2011.04.11"]
[EventType "swiss"]
[EventRounds "9"]
[EventCountry "CRO"]
[Source "lmi"]
[SourceDate "2011.04.11"]

1. e4 c5 2. Nf3 d6 3. d4 cxd4 4. Nxd4 Nf6 5. Nc3 g6 6. Be3 Bg7 7. f3 Nc6 8. Bc4
O-O 9. Qd2 Bd7 10. O-O-O Rb8 11. h4 b5 12. Bb3 Na5 13. h5 Nc4 14. Bxc4 bxc4 15.
hxg6 fxg6 16. Bh6 Qb6 17. b3 Bxh6 18. Qxh6 Qa5 19. Nd5 Rf7 20. Nxf6+ exf6 21.
Qe3 Qxa2 22. Qc3 cxb3 23. Nxb3 Be6 24. Nd4 Rc8 25. Qb2 Qxb2+ 26. Kxb2 Rb7+ 27.
Kc1 Ba2 28. Rhe1 Rb1+ 29. Kd2 Rxd1+ 30. Rxd1 Bc4 31. Rb1 Rd8 32. Nc6 Rd7 33.
Rb8+ Kg7 34. Ra8 a6 35. Nb4 d5 36. exd5 Bxd5 37. Nxd5 Rxd5+ 38. Ke3 Ra5 39. c4
h5 40. Ra7+ Kh6 41. Kf4 Rc5 42. Rxa6 Rxc4+ 43. Kg3 Kg5 44. Ra5+ f5 45. Ra6 h4+
46. Kh3 Rc1 47. Kh2 Rc7 48. Ra4 Kh5 49. Ra5 Rf7 50. Kh3 g5 51. Ra6 g4+ 52.
fxg4+ fxg4+ 53. Kh2 Rf2 54. Ra5+ Kg6 55. Ra6+ Kg5 56. Ra5+ Rf5 57. Ra4 Rb5 58.
Rc4 h3 59. gxh3 Rb2+ 60. Kh1 gxh3 1/2-1/2

[Event "Zagreb Open 2011 Grupo B"]
[Site "Zagreb CRO"]
[Date "2011.04.16"]
[Round "7.13"]
[White "Ilijas, Dejan"]
[Black "Savic, Miroslav"]
[Result "0-1"]
[WhiteElo "1949"]
[BlackElo "2260"]
[PlyCount "134"]
[EventDate "2011.04.11"]
[EventType "swiss"]
[EventRounds "9"]
[EventCountry "CRO"]
[Source "lmi"]
[SourceDate "2011.04.11"]

1. Nf3 d5 2. d3 Nf6 3. c3 c5 4. Qc2 Nc6 5. e4 e5 6. Be2 Be7 7. Bg5 O-O 8. O-O
Be6 9. Bxf6 Bxf6 10. Nbd2 Rc8 11. h3 Be7 12. Nh2 g6 13. Bf3 f5 14. exd5 Bxd5
15. Rfd1 Be6 16. Nc4 Bf6 17. Qe2 Bxc4 18. dxc4 Qc7 19. Bd5+ Kg7 20. g4 Rce8 21.
gxf5 gxf5 22. Qh5 Bd8 23. Kh1 Kh8 24. Nf1 Qe7 25. Ng3 Qh4 26. Bxc6 bxc6 27. Rd7
Qxh5 28. Nxh5 Re7 29. Rad1 Rxd7 30. Rxd7 Bh4 31. Kg2 h6 32. Kf1 f4 33. Ng7 e4
34. Ne6 Rf5 35. Ng7 Rf6 36. Ne8 Re6 37. Rd6 Rxe8 38. Rxh6+ Kg7 39. Rxh4 Rf8 40.
Rg4+ Kh6 41. Ke2 a5 42. b3 Kh5 43. Rg7 Re8 44. Ra7 e3 45. Rxa5 f3+ 46. Ke1 e2
47. Rxc5+ Kg6 48. Rxc6+ Kg5 49. Rd6 Rh8 50. Re6 Rxh3 51. Kd2 Rh1 52. Rxe2 fxe2
53. Kxe2 Ra1 54. Ke3 Rxa2 55. b4 Kf5 56. Kd4 Rxf2 57. Kd5 Rd2+ 58. Kc6 Ke6 59.
b5 Ke7 60. Kc7 Rd7+ 61. Kc8 Rd3 62. b6 Rxc3 63. b7 Rxc4+ 64. Kb8 Kd7 65. Ka7
Ra4+ 66. Kb8 Rb4 67. Ka8 Kc7 0-1

[Event "Zagreb Open 2011 Grupo B"]
[Site "Zagreb CRO"]
[Date "2011.04.16"]
[Round "7.14"]
[White "Petrovic, Zvonko"]
[Black "Gabre, Zeljko"]
[Result "0-1"]
[WhiteElo "2210"]
[BlackElo "2117"]
[PlyCount "60"]
[EventDate "2011.04.11"]
[EventType "swiss"]
[EventRounds "9"]
[EventCountry "CRO"]
[Source "lmi"]
[SourceDate "2011.04.11"]

1. Nf3 Nf6 2. g3 g6 3. Bg2 Bg7 4. O-O d6 5. d4 O-O 6. c4 Nc6 7. d5 Nb8 8. Nc3
Bg4 9. h3 Bxf3 10. Bxf3 Nbd7 11. e4 c6 12. Be3 Rc8 13. dxc6 bxc6 14. b4 c5 15.
b5 Nb6 16. Be2 h5 17. a4 Qd7 18. a5 Nxc4 19. Bxc4 Qxh3 20. Be2 Ng4 21. Bxg4
hxg4 22. Nd5 Be5 23. Ra2 Kg7 24. f4 Rh8 25. Rg2 Bd4 26. Bxd4+ cxd4 27. Nxe7 Rc4
28. Nc6 Kf8 29. Nxd4 Ke7 30. Ne2 Qh1+ 0-1

[Event "Zagreb Open 2011 Grupo B"]
[Site "Zagreb CRO"]
[Date "2011.04.16"]
[Round "7.15"]
[White "Vrsek, Ivan"]
[Black "Ugrin, Dragan"]
[Result "1/2-1/2"]
[WhiteElo "2204"]
[BlackElo "2109"]
[PlyCount "62"]
[EventDate "2011.04.11"]
[EventType "swiss"]
[EventRounds "9"]
[EventCountry "CRO"]
[Source "lmi"]
[SourceDate "2011.04.11"]

1. d4 Nf6 2. c4 g6 3. Nc3 Bg7 4. g3 O-O 5. Bg2 d6 6. Nf3 c6 7. O-O Nbd7 8. e4
Qc7 9. h3 Re8 10. Be3 e5 11. d5 c5 12. Nd2 Nh5 13. a3 a6 14. Qe2 Rb8 15. b4 b6
16. Rac1 Ndf6 17. Kh2 Bd7 18. Qd3 Qd8 19. Rb1 h6 20. Ne2 g5 21. Rb2 Ra8 22.
Rfb1 Rf8 23. bxc5 bxc5 24. Rb6 Bb5 25. Rxd6 Qxd6 26. cxb5 axb5 27. Qxb5 Nd7 28.
Nc4 Qa6 29. Nc3 Qxb5 30. Rxb5 Rfb8 31. Rxb8+ Rxb8 1/2-1/2

[Event "Zagreb Open 2011 Grupo B"]
[Site "Zagreb CRO"]
[Date "2011.04.16"]
[Round "7.17"]
[White "Colakic, Tomislav"]
[Black "Brkic, Ivica"]
[Result "0-1"]
[WhiteElo "1999"]
[BlackElo "2133"]
[PlyCount "66"]
[EventDate "2011.04.11"]
[EventType "swiss"]
[EventRounds "9"]
[EventCountry "CRO"]
[Source "lmi"]
[SourceDate "2011.04.11"]

1. c4 Nf6 2. Nf3 g6 3. Nc3 Bg7 4. d4 O-O 5. e4 d6 6. h3 c6 7. Be3 Nbd7 8. Qd2
a6 9. Bh6 b5 10. Bxg7 Kxg7 11. a3 Bb7 12. b4 bxc4 13. Bxc4 e6 14. O-O a5 15.
Rfb1 Qc7 16. e5 dxe5 17. bxa5 Rxa5 18. dxe5 Nxe5 19. Nxe5 Rxe5 20. Qd4 Ba8 21.
Rd1 c5 22. Qd3 Rg5 23. g4 h5 24. Qe3 Nxg4 25. hxg4 Rxg4+ 26. Kf1 Rxc4 27. a4
Qc6 28. Ke2 Bb7 29. f3 f6 30. Rd2 e5 31. Nb5 Rxa4 32. Rb1 Ba6 33. Qd3 Rd4 0-1

[Event "Zagreb Open 2011 Grupo B"]
[Site "Zagreb CRO"]
[Date "2011.04.16"]
[Round "7.19"]
[White "Bender, Ivan"]
[Black "Gujic, Vladimir"]
[Result "1-0"]
[WhiteElo "2276"]
[BlackElo "2080"]
[PlyCount "87"]
[EventDate "2011.04.11"]
[EventType "swiss"]
[EventRounds "9"]
[EventCountry "CRO"]
[Source "lmi"]
[SourceDate "2011.04.11"]

1. e4 c6 2. d4 d5 3. e5 c5 4. dxc5 Nc6 5. Nf3 Bg4 6. c3 e6 7. b4 a6 8. Nbd2
Nxe5 9. h3 Bxf3 10. Nxf3 Nc6 11. Bb2 Nf6 12. Bd3 Be7 13. O-O O-O 14. Re1 Qc7
15. Qe2 Rfd8 16. a3 Rd7 17. Rad1 Rad8 18. Bb1 g6 19. Nd4 Re8 20. Bc1 Bf8 21.
Qf3 Bg7 22. Bf4 e5 23. Bh2 e4 24. Bxc7 exf3 25. Rxe8+ Nxe8 26. Bf4 Nxd4 27.
cxd4 Nc7 28. Be3 Nb5 29. Rd3 fxg2 30. Kxg2 Kf8 31. Bc2 Re7 32. Bb3 Rd7 33. a4
Na7 34. b5 Ke7 35. Bg5+ f6 36. Bf4 Kd8 37. Bb8 Nc8 38. c6 bxc6 39. bxc6 Re7 40.
Bxd5 Nb6 41. Bb3 f5 42. d5 Re4 43. d6 Be5 44. Bc7+ 1-0

[Event "Zagreb Open 2011 Grupo B"]
[Site "Zagreb CRO"]
[Date "2011.04.16"]
[Round "7.20"]
[White "Valkovic, Kristian"]
[Black "Mihalinec, Damir"]
[Result "0-1"]
[WhiteElo "2078"]
[BlackElo "2238"]
[PlyCount "88"]
[EventDate "2011.04.11"]
[EventType "swiss"]
[EventRounds "9"]
[EventCountry "CRO"]
[Source "lmi"]
[SourceDate "2011.04.11"]

1. d4 Nf6 2. Nf3 g6 3. Bf4 Bg7 4. e3 O-O 5. c4 d6 6. Nc3 Nbd7 7. Be2 c5 8. O-O
h6 9. Qc2 Nh5 10. Bg3 Nxg3 11. hxg3 cxd4 12. exd4 b6 13. Rfd1 Bb7 14. d5 Rc8
15. Rac1 a6 16. a4 Rc7 17. b4 Qa8 18. Qb3 Rfc8 19. Na2 b5 20. cxb5 Rxc1 21.
Rxc1 Rxc1+ 22. Nxc1 axb5 23. Bxb5 Nb6 24. a5 Nxd5 25. Qc4 Nc3 26. Bd7 Qd8 27.
Bc6 Qc8 28. b5 d5 29. Qc5 Nxb5 30. Qxb5 Qxc6 31. Qxc6 Bxc6 32. Nd3 f6 33. a6 e5
34. Nb4 Ba8 35. a7 Bf8 36. Na6 Bd6 37. Nb8 Kf7 38. Na6 Ke6 39. g4 Kd7 40. Ne1
Kc6 41. Nc2 Kb6 42. Nb8 Kxa7 43. Nd7 Be7 44. f4 Bc6 0-1

[Event "Zagreb Open 2011 Grupo B"]
[Site "Zagreb CRO"]
[Date "2011.04.16"]
[Round "7.23"]
[White "Brankovic, Ljubomir"]
[Black "Strniscak, Tomislav"]
[Result "0-1"]
[WhiteElo "2055"]
[BlackElo "2212"]
[PlyCount "50"]
[EventDate "2011.04.11"]
[EventType "swiss"]
[EventRounds "9"]
[EventCountry "CRO"]
[Source "lmi"]
[SourceDate "2011.04.11"]

1. e4 e5 2. Nc3 Nc6 3. Bc4 Nf6 4. Nf3 Nxe4 5. Bxf7+ Kxf7 6. Nxe4 d5 7. Neg5+
Kg8 8. h4 h6 9. d3 hxg5 10. Bxg5 Be7 11. Qd2 e4 12. dxe4 dxe4 13. Qxd8+ Bxd8
14. Nh2 Bxg5 15. hxg5 Bf5 16. O-O-O Rd8 17. Rde1 Kf7 18. g4 Bg6 19. f4 exf3 20.
Nxf3 Rxh1 21. Rxh1 Be4 22. Rf1 Bxf3 23. Rxf3+ Kg6 24. c3 Rd7 25. Rf5 Re7 0-1

[Event "Zagreb Open 2011 Grupo B"]
[Site "Zagreb CRO"]
[Date "2011.04.16"]
[Round "7.24"]
[White "Sunjic, Vitomir"]
[Black "Greb, Nikola"]
[Result "1/2-1/2"]
[WhiteElo "2212"]
[BlackElo "2069"]
[PlyCount "58"]
[EventDate "2011.04.11"]
[EventType "swiss"]
[EventRounds "9"]
[EventCountry "CRO"]
[Source "lmi"]
[SourceDate "2011.04.11"]

1. e4 c5 2. Nf3 Nc6 3. d4 cxd4 4. Nxd4 Nf6 5. Nc3 e5 6. Ndb5 d6 7. Bg5 a6 8.
Bxf6 gxf6 9. Na3 f5 10. Bd3 fxe4 11. Bxe4 Be6 12. Qh5 Qb6 13. O-O Ne7 14. Rab1
O-O-O 15. Rfd1 Qc5 16. Qf3 d5 17. Qf6 Rg8 18. Bxh7 Rg7 19. Bd3 e4 20. Bf1 Rg6
21. Na4 Qc7 22. Qc3 Nc6 23. Nc5 Bxc5 24. Qxc5 Rh8 25. g3 Rgh6 26. Bg2 Rxh2 27.
Rxd5 Bxd5 28. Qxd5 Qd7 29. Qxe4 f5 1/2-1/2

[Event "Zagreb Open 2011 Grupo B"]
[Site "Zagreb CRO"]
[Date "2011.04.17"]
[Round "8.2"]
[White "Lasic, Luka"]
[Black "Dugandzic, Boris"]
[Result "0-1"]
[WhiteElo "2209"]
[BlackElo "2210"]
[PlyCount "74"]
[EventDate "2011.04.11"]
[EventType "swiss"]
[EventRounds "9"]
[EventCountry "CRO"]
[Source "lmi"]
[SourceDate "2011.04.11"]

1. Nf3 e6 2. c4 f5 3. g3 Nf6 4. Bg2 d5 5. O-O c6 6. b3 Bd6 7. Bb2 O-O 8. d4 Qe7
9. Ne5 Nbd7 10. Nd2 a5 11. a3 a4 12. Nxd7 Bxd7 13. c5 Bc7 14. b4 e5 15. e3 e4
16. Re1 g5 17. f4 gxf4 18. exf4 Qg7 19. Nf1 h5 20. Ne3 h4 21. Kf2 Qh7 22. Rg1
Kf7 23. Bf1 Rg8 24. Be2 Rg7 25. Rg2 Rag8 26. Bc1 Ke7 27. Rb1 h3 28. Rg1 Bxf4
29. Nf1 Bc7 30. Qxa4 f4 31. Qa7 e3+ 32. Nxe3 Qxb1 33. Re1 fxe3+ 34. Bxe3 Ne4+
35. Kf1 Rf8+ 36. Bf4 Rxf4+ 37. gxf4 Rg1+ 0-1

[Event "Zagreb Open 2011 Grupo B"]
[Site "Zagreb CRO"]
[Date "2011.04.17"]
[Round "8.3"]
[White "Cop, Tomislav"]
[Black "Petrusic, Toni"]
[Result "1/2-1/2"]
[WhiteElo "2268"]
[BlackElo "2164"]
[PlyCount "29"]
[EventDate "2011.04.11"]
[EventType "swiss"]
[EventRounds "9"]
[EventCountry "CRO"]
[Source "lmi"]
[SourceDate "2011.04.11"]

1. e4 e6 2. d4 d5 3. exd5 exd5 4. Bf4 Bd6 5. Bxd6 Qxd6 6. Nc3 c6 7. Qd2 Ne7 8.
O-O-O Be6 9. Nf3 Nd7 10. Bd3 Bg4 11. Be2 Bxf3 12. Bxf3 O-O-O 13. Rhe1 Rhe8 14.
Qg5 Qf6 15. Qxf6 1/2-1/2

[Event "Zagreb Open 2011 Grupo B"]
[Site "Zagreb CRO"]
[Date "2011.04.17"]
[Round "8.4"]
[White "Ivanov, Borislav"]
[Black "Muha, Zdravko"]
[Result "1-0"]
[WhiteElo "2202"]
[BlackElo "2126"]
[PlyCount "81"]
[EventDate "2011.04.11"]
[EventType "swiss"]
[EventRounds "9"]
[EventCountry "CRO"]
[Source "lmi"]
[SourceDate "2011.04.11"]

1. d4 d5 2. c4 e6 3. Nf3 c6 4. Qc2 f5 5. g3 Nf6 6. Bg2 Ne4 7. O-O Bd6 8. Bf4
O-O 9. Bxd6 Nxd6 10. Nbd2 a5 11. Ne5 Nd7 12. Ndf3 Nf7 13. Nd3 Qe7 14. b3 b6 15.
cxd5 cxd5 16. Qc7 Re8 17. Rfc1 Ba6 18. Qc3 Rec8 19. Qd2 Qd6 20. e3 h6 21. h4
Qf8 22. Nde5 Qd6 23. Qb2 Nf6 24. a3 Qd8 25. Nxf7 Kxf7 26. Ne5+ Kg8 27. b4 axb4
28. axb4 Rxc1+ 29. Rxc1 Rc8 30. Rc6 Rxc6 31. Nxc6 Qd6 32. b5 Bb7 33. Qc2 Kf7
34. Ne5+ Kg8 35. Qa4 Nd7 36. Nc6 Nb8 37. Ne5 Nd7 38. Nd3 Qb8 39. Nf4 Nf8 40.
Qb4 Qc7 41. Qxf8+ 1-0

[Event "Zagreb Open 2011 Grupo B"]
[Site "Zagreb CRO"]
[Date "2011.04.17"]
[Round "8.5"]
[White "Matic, Zeljko"]
[Black "Curic, Drazen"]
[Result "0-1"]
[WhiteElo "2200"]
[BlackElo "2264"]
[PlyCount "70"]
[EventDate "2011.04.11"]
[EventType "swiss"]
[EventRounds "9"]
[EventCountry "CRO"]
[Source "lmi"]
[SourceDate "2011.04.11"]

1. c4 c5 2. Nf3 Nc6 3. d4 cxd4 4. Nxd4 g6 5. g3 Bg7 6. Nc2 h5 7. h4 Nh6 8. Bg2
Nf5 9. Nc3 Ne5 10. e4 Nh6 11. Ne3 d6 12. Rb1 O-O 13. O-O Be6 14. Ncd5 Rc8 15.
b3 Re8 16. Bb2 Qa5 17. Bc3 Qd8 18. Kh1 Nhg4 19. Qd2 Nxe3 20. Nxe3 Ng4 21. Bxg7
Kxg7 22. Nf5+ gxf5 23. Qg5+ Kh7 24. exf5 Rc5 25. b4 Re5 26. f4 Rxf5 27. Be4 Nh6
28. Qxh5 Rg8 29. g4 Rxg4 30. Rg1 Rg6 31. Rg5 Qb6 32. c5 dxc5 33. Rbg1 Qxb4 34.
Qf3 Rgxg5 35. hxg5 Qxe4 0-1

[Event "Zagreb Open 2011 Grupo B"]
[Site "Zagreb CRO"]
[Date "2011.04.17"]
[Round "8.6"]
[White "Savic, Miroslav"]
[Black "Starcevic, Kresimir"]
[Result "1-0"]
[WhiteElo "2260"]
[BlackElo "2151"]
[PlyCount "99"]
[EventDate "2011.04.11"]
[EventType "swiss"]
[EventRounds "9"]
[EventCountry "CRO"]
[Source "lmi"]
[SourceDate "2011.04.11"]

1. d4 Nf6 2. c4 c5 3. e3 g6 4. Nc3 Bg7 5. Nf3 O-O 6. Be2 b6 7. O-O Bb7 8. d5 e6
9. e4 d6 10. Ne1 a6 11. a4 Re8 12. Bg5 Qe7 13. Bf3 Nbd7 14. Nd3 Qf8 15. Qb3
Rab8 16. Rfe1 Kh8 17. Rad1 e5 18. g3 Bc8 19. Rf1 Ng8 20. Bg2 Bh6 21. Bc1 Bxc1
22. Rxc1 Qh6 23. Rce1 Rb7 24. Qd1 Ndf6 25. Qc1 g5 26. f4 exf4 27. gxf4 gxf4 28.
Qxf4 Ng4 29. Qxh6 N8xh6 30. h3 Ne5 31. Nxe5 dxe5 32. Re3 Ng8 33. Ref3 f6 34. h4
Rg7 35. a5 Bg4 36. Rg3 bxa5 37. Ra1 h5 38. Rxa5 Rb7 39. Rxc5 Rxb2 40. Ra5 Rc8
41. c5 Rb3 42. c6 Ne7 43. Rc5 a5 44. c7 a4 45. d6 a3 46. Rxg4 hxg4 47. dxe7
Rb1+ 48. Bf1 Rc1 49. Rd5 Re8 50. Rd8 1-0

[Event "Zagreb Open 2011 Grupo B"]
[Site "Zagreb CRO"]
[Date "2011.04.17"]
[Round "8.7"]
[White "Blazeka, Matej"]
[Black "Ostovic, Matija"]
[Result "1/2-1/2"]
[WhiteElo "2163"]
[BlackElo "2232"]
[PlyCount "24"]
[EventDate "2011.04.11"]
[EventType "swiss"]
[EventRounds "9"]
[EventCountry "CRO"]
[Source "lmi"]
[SourceDate "2011.04.11"]

1. e4 c5 2. Nf3 Nc6 3. d4 cxd4 4. Nxd4 Nf6 5. Nc3 g6 6. Be3 Bg7 7. Bc4 O-O 8.
Bb3 a5 9. f3 d5 10. Bxd5 Nxd5 11. exd5 Nb4 12. Nde2 Bf5 1/2-1/2

[Event "Zagreb Open 2011 Grupo B"]
[Site "Zagreb CRO"]
[Date "2011.04.17"]
[Round "8.8"]
[White "Gabre, Zeljko"]
[Black "Vukovic, Ivo"]
[Result "0-1"]
[WhiteElo "2117"]
[BlackElo "2213"]
[PlyCount "86"]
[EventDate "2011.04.11"]
[EventType "swiss"]
[EventRounds "9"]
[EventCountry "CRO"]
[Source "lmi"]
[SourceDate "2011.04.11"]

1. e4 c6 2. d4 d5 3. e5 Bf5 4. Bd3 Bxd3 5. Qxd3 Qa5+ 6. c3 Qa6 7. Qxa6 Nxa6 8.
Be3 e6 9. a3 c5 10. b4 cxd4 11. cxd4 Rc8 12. Ne2 Ne7 13. Nbc3 Nc7 14. Kd2 Kd7
15. g4 h5 16. h3 g6 17. f4 Bg7 18. Ng3 hxg4 19. hxg4 Rxh1 20. Rxh1 Rh8 21. Rxh8
Bxh8 22. Nge2 Bg7 23. Bf2 Bf8 24. Bh4 Nc8 25. Kd3 a5 26. bxa5 Bxa3 27. f5 gxf5
28. gxf5 Bb4 29. Na4 Na6 30. Nf4 Bxa5 31. fxe6+ fxe6 32. Ng6 Bb4 33. Ke2 Ke8
34. Nb2 Ba5 35. Nf4 Kf7 36. Kf3 Na7 37. Ne2 Nc6 38. Bf2 Bb6 39. Nd3 Ba7 40. Bg1
Kg6 41. Ke3 Nc7 42. Kd2 Nb5 43. Ndf4+ Kf5 0-1

[Event "Zagreb Open 2011 Grupo B"]
[Site "Zagreb CRO"]
[Date "2011.04.17"]
[Round "8.9"]
[White "Brkic, Ivica"]
[Black "Kalajzic, Ivan"]
[Result "0-1"]
[WhiteElo "2133"]
[BlackElo "2200"]
[PlyCount "64"]
[EventDate "2011.04.11"]
[EventType "swiss"]
[EventRounds "9"]
[EventCountry "CRO"]
[Source "lmi"]
[SourceDate "2011.04.11"]

1. e4 Nc6 2. d4 e5 3. d5 Nce7 4. c4 Nf6 5. Nc3 Ng6 6. f3 Bc5 7. Nge2 O-O 8. Qd3
c6 9. Be3 Bxe3 10. Qxe3 cxd5 11. cxd5 d6 12. g3 Ne8 13. Bg2 f5 14. O-O f4 15.
Qd2 Qb6+ 16. Rf2 fxg3 17. hxg3 Bd7 18. a4 Nf6 19. a5 Qc5 20. Nc1 Rf7 21. Nd3
Qc7 22. Kh2 Raf8 23. Qe3 Qd8 24. Bh3 Bxh3 25. Kxh3 Nh5 26. Kg2 Nxg3 27. Kxg3
Nf4 28. Rh1 Qg5+ 29. Kh2 Rf6 30. Nxf4 Rxf4 31. Qxf4 Rxf4 32. Rg2 Rh4+ 0-1

[Event "Zagreb Open 2011 Grupo B"]
[Site "Zagreb CRO"]
[Date "2011.04.17"]
[Round "8.10"]
[White "Muskardin, Mario"]
[Black "Draganic, Stjepan"]
[Result "1/2-1/2"]
[WhiteElo "2192"]
[BlackElo "2157"]
[PlyCount "70"]
[EventDate "2011.04.11"]
[EventType "swiss"]
[EventRounds "9"]
[EventCountry "CRO"]
[Source "lmi"]
[SourceDate "2011.04.11"]

1. Nf3 g6 2. g3 Bg7 3. Bg2 c6 4. c4 Nf6 5. O-O d5 6. d3 O-O 7. Nbd2 Bg4 8. h3
Bxf3 9. Nxf3 Nbd7 10. Rb1 e6 11. b4 a6 12. Qc2 b5 13. Bb2 Nb6 14. Ne5 Rc8 15.
c5 Na4 16. Ba1 Nd7 17. Nxd7 Qxd7 18. Bxg7 Kxg7 19. d4 Rce8 20. f4 f5 21. e3 Ra8
22. Qd2 Qc7 23. Bf3 a5 24. a3 axb4 25. axb4 Ra6 26. Bd1 Rfa8 27. Bb3 R8a7 28.
Ra1 Qd8 29. Rac1 Qf6 30. Rc2 Kh8 31. Kh2 Qd8 32. Qf2 Qf6 33. Qd2 Qd8 34. Qf2
Qf6 35. Qd2 Qd8 1/2-1/2

[Event "Zagreb Open 2011 Grupo B"]
[Site "Zagreb CRO"]
[Date "2011.04.17"]
[Round "8.11"]
[White "Jelecevic, Ivo"]
[Black "Raljic, Mirko"]
[Result "1-0"]
[WhiteElo "2183"]
[BlackElo "2127"]
[PlyCount "55"]
[EventDate "2011.04.11"]
[EventType "swiss"]
[EventRounds "9"]
[EventCountry "CRO"]
[Source "lmi"]
[SourceDate "2011.04.11"]

1. d4 Nf6 2. Nf3 g6 3. Nc3 Bg7 4. e4 d6 5. Bg5 h6 6. Bf4 Nh5 7. Be3 Nc6 8. h3
e5 9. Qd2 exd4 10. Nxd4 Nxd4 11. Bxd4 O-O 12. Be3 Kh7 13. O-O-O Be6 14. g4 Nf6
15. f4 Ng8 16. f5 Bd7 17. h4 Bc6 18. Bd3 Be5 19. g5 h5 20. f6 a6 21. Nd5 Bxd5
22. exd5 c5 23. Rde1 b5 24. Be2 b4 25. Ref1 a5 26. Bxh5 Nxf6 27. gxf6 gxh5 28.
Qd3+ 1-0

[Event "Zagreb Open 2011 Grupo B"]
[Site "Zagreb CRO"]
[Date "2011.04.17"]
[Round "8.15"]
[White "Mihalinec, Damir"]
[Black "Vitaljic, Nebojsa"]
[Result "1/2-1/2"]
[WhiteElo "2238"]
[BlackElo "2152"]
[PlyCount "106"]
[EventDate "2011.04.11"]
[EventType "swiss"]
[EventRounds "9"]
[EventCountry "CRO"]
[Source "lmi"]
[SourceDate "2011.04.11"]

1. c4 d5 2. cxd5 Qxd5 3. Nc3 Qa5 4. g3 c6 5. Bg2 Nf6 6. Nf3 g6 7. O-O Bg7 8. d3
O-O 9. Bd2 Qh5 10. Qb3 h6 11. Rfc1 Nd5 12. Nxd5 Qxd5 13. Qa3 Qe6 14. Rc4 Na6
15. Rac1 Qd6 16. b4 Nc7 17. Qa5 Nb5 18. Bf4 e5 19. Be3 Qd8 20. Qxd8 Rxd8 21. a4
Nd6 22. Rc5 e4 23. Ne5 b6 24. Nxc6 bxc5 25. bxc5 Nb7 26. Nxd8 Nxd8 27. Bxe4 Rb8
28. c6 Rb3 29. Bxa7 Rc3 30. Rxc3 Bxc3 31. Bb6 Ne6 32. e3 Bb4 33. d4 Kf8 34. f4
Ke7 35. a5 Kd6 36. Kf2 f5 37. Bf3 Nc7 38. e4 fxe4 39. Bxe4 Bf5 40. Bf3 Bd3 41.
Ke3 Bb5 42. Bxc7+ Kxc7 43. Be4 Bxa5 44. Bxg6 Bxc6 45. Be4 Bd7 46. f5 Kd6 47. h4
Bd8 48. Kf4 Bf6 49. Kg4 Bxd4 50. Kh5 Ke5 51. Bd3 Bxf5 52. Bxf5 Kxf5 53. g4+ Kf4
1/2-1/2

[Event "Zagreb Open 2011 Grupo B"]
[Site "Zagreb CRO"]
[Date "2011.04.17"]
[Round "8.16"]
[White "Kukina, Mario"]
[Black "Tscharotschkin, Michael"]
[Result "0-1"]
[WhiteElo "2034"]
[BlackElo "2218"]
[PlyCount "58"]
[EventDate "2011.04.11"]
[EventType "swiss"]
[EventRounds "9"]
[EventCountry "CRO"]
[Source "lmi"]
[SourceDate "2011.04.11"]

1. d4 e6 2. Nf3 d5 3. c4 c5 4. dxc5 Bxc5 5. e3 Nf6 6. Be2 O-O 7. O-O b6 8. Nc3
Bb7 9. a3 a5 10. cxd5 Nxd5 11. Nxd5 Bxd5 12. Qc2 f5 13. Bd2 Nd7 14. Bc4 Nf6 15.
Bxd5 Nxd5 16. Rfe1 Rc8 17. Qb3 Kh8 18. e4 Nf6 19. Bg5 fxe4 20. Bxf6 Qxf6 21.
Rxe4 e5 22. Rxe5 Bxf2+ 23. Kh1 Bd4 24. Re6 Qf7 25. h3 Bxb2 26. Ng5 Qf2 27. Rd1
Rc1 28. Rxc1 Bxc1 29. Re5 Qf1+ 0-1